logo

Bir Sreshtho Munshi Abdur Rouf Library
Jhenaidah Cadet College

শ্রেষ্ঠ কবিতা / (Record no. 11472)

MARC details
000 -LEADER
fixed length control field 00706nam a2200229 a 4500
001 - CONTROL NUMBER
JCCL Control Number 11472
003 - CONTROL NUMBER IDENTIFIER
JCCL marc code BD-JhCC
005 - DATE AND TIME OF LATEST TRANSACTION
control field 20201208134019.0
008 - FIXED-LENGTH DATA ELEMENTS--GENERAL INFORMATION
fixed length control field 190625b 2019bg |||| ||a| 000 0 ben d
020 ## - INTERNATIONAL STANDARD BOOK NUMBER
International Standard Book Number 9789849368007
035 ## - SYSTEM CONTROL NUMBER
system control number (BD-JhCC)11472
040 ## - CATALOGING SOURCE
Original cataloging agency BD-JhCC
Modifying agency BD-JhCC
041 ## - LANGUAGE CODE
Language code of Book ben
082 ## - DEWEY DECIMAL CLASSIFICATION NUMBER
Classification number 891.4415
Author mark and Year ANI 2019
100 ## - MAIN ENTRY--PERSONAL NAME
Personal name অনীক, আদিত্য
245 ## - TITLE STATEMENT
Title শ্রেষ্ঠ কবিতা /
Statement of responsibility, etc আদিত্য অনীক ।
260 ## - PUBLICATION, DISTRIBUTION, ETC. (IMPRINT)
Place of publication, distribution, etc ঢাকা:
Name of publisher, distributor, etc আয়াত পাবলিকেশন;
Date of publication, distribution, etc ২০১৯.
300 ## - PHYSICAL DESCRIPTION
Pagination ১৫৯ পৃ. :
Dimensions ২২ সেমি.
650 ## - SUBJECT ADDED ENTRY--TOPICAL TERM
Topical term or geographic name as entry element Bengali poetry
942 ## - ADDED ENTRY ELEMENTS (KOHA)
Source of classification or shelving scheme Dewey Decimal Classification
Koha item type Books
Koha issues (borrowed), all copies 6
Holdings
Source of classification or shelving scheme Damaged status Not for loan Home library Current library Shelving location Date of accession Cost, normal purchase price Total Checkouts Full call number Barcode Date last seen Date checked out Copy number Koha item type
Dewey Decimal Classification     JCC Rouf Library JCC Rouf Library General Stacks 06/25/2019 210.00 2 891.4415 ANI 2019 15696 04/06/2020 03/24/2020 C-1 Books
Dewey Decimal Classification     JCC Rouf Library JCC Rouf Library General Stacks 06/25/2019 210.00 2 891.4415 ANI 2019 15695 10/27/2021 10/14/2021 C-2 Books

JCC Library | Contacts | JCC Home

Last Update on 23 September 2017
Copyright @ 2017-2020 JCC Rouf Library
Rouf Library, Jhenidah Cadet College (JCC), Bangladesh